Lịch sử Việt Nam 1954 - 1965
Trình bày một cách có hệ thống và tương đối toàn diện lịch sử Việt Nam giai đoạn 1954-1965, lịch sử đấu tranh cách mạng nhân dân ta cả hai miền đất nước dưới sự lãnh đạo của Đảng ,nhằm thực hiện chiến lược cách mạng.
Đã lưu trong:
| Tác giả chính: | |
|---|---|
| Định dạng: | Sách |
| Năm xuất bản: |
H.
Khoa học xã hội
1996
|
| Phiên bản: | Tái bản lần thứ 1 |
| Chủ đề: | |
| Tags: |
Thêm thẻ
Không có thẻ, Hãy là người đầu tiên gắn thẻ bản ghi này!
|
| LEADER | 01479nam a2200193 4500 | ||
|---|---|---|---|
| 082 | |a 959.7042 |b L302s | ||
| 100 | |a Cao Văn Lượng | ||
| 245 | |a Lịch sử Việt Nam 1954 - 1965 |c Cao Văn Lượng chủ biên, Văn Tạo, Trần Đức Cường | ||
| 250 | |a Tái bản lần thứ 1 | ||
| 260 | |a H. |b Khoa học xã hội |c 1996 | ||
| 300 | |a 391 tr. |c 24 cm | ||
| 520 | |a Trình bày một cách có hệ thống và tương đối toàn diện lịch sử Việt Nam giai đoạn 1954-1965, lịch sử đấu tranh cách mạng nhân dân ta cả hai miền đất nước dưới sự lãnh đạo của Đảng ,nhằm thực hiện chiến lược cách mạng. | ||
| 653 | |a Lịch sử | ||
| 942 | |2 ddc |c STK0 | ||
| 999 | |c 2730 |d 2730 | ||
| 952 | |0 0 |1 0 |2 ddc |4 0 |6 959_704200000000000_L302S |7 1 |8 900 |9 33066 |a qbu |b qbu |c D5 |d 2014-12-15 |g 50000 |o 959.7042 L302s |p 4089.C1 |r 0000-00-00 |w 2014-12-15 |y STK0 |0 0 |6 959_704200000000000_L302S | ||
| 952 | |0 0 |1 0 |2 ddc |4 0 |6 959_704200000000000_L302S |7 0 |8 900 |9 33067 |a qbu |b qbu |c D5 |d 2014-12-15 |g 50000 |o 959.7042 L302s |p 4089.C2 |r 0000-00-00 |w 2014-12-15 |y STK0 |0 0 |6 959_704200000000000_L302S | ||
| 952 | |0 0 |1 0 |2 ddc |4 0 |6 959_704200000000000_L302S |7 0 |8 900 |9 33068 |a qbu |b qbu |c D5 |d 2014-12-15 |g 50000 |o 959.7042 L302s |p 4089.C3 |r 0000-00-00 |w 2014-12-15 |y STK0 |0 0 |6 959_704200000000000_L302S | ||
| 952 | |0 0 |1 0 |2 ddc |4 0 |6 959_704200000000000_L302S |7 0 |8 900 |9 33069 |a qbu |b qbu |c D5 |d 2014-12-15 |g 50000 |o 959.7042 L302s |p 4089.C4 |r 0000-00-00 |w 2014-12-15 |y STK0 |0 0 |6 959_704200000000000_L302S | ||